03226nam a2200577Ia 4500001000400000008004100004010000800045041001400053082001400067245025600081260001300337300000800350520000600358630002800364630003000392630002300422630002900445630002700474650002700501690001400528700002900542700004700571700004400618700002800662901010000690902000600790903006400796904001800860905001600878906000600894907001700900908003600917909006200953910001501015911001001030912001401040913000901054914002301063915001901086916000901105917000901114918001401123919003101137520142301168921000702591922000702598923000602605924001402611942001002625999001302635347241029s9999 xx 000 0 und d a315 aEspañol aMGC13-015 0aUso de la Nueva Tecnología de la Información y la Comunicación en la Gestión y la Docencia del Segundo Ciclo del Nivel Básico del Centro Educativo Nuestra Señora del Carmen Distrito 05-08, Santiago de los Caballeros año escolar 2012-2013 aSantiago a104 a5 aActitud de los Docentes aAprendizaje Significativo aCentros Educativos aCompetencia Pedagógica aTecnología Educativa aTecnología Educativa aElaborado easesoraUreña, Isabel  eautoraPérez Tejada, Eufemia de Jesús  eautoraSandoval Bello, Carmen Josefina  easesoraMencía, Pedro a{"1":"Pérez Tejada","2":"Sandoval Bello"}b{"1":"Eufemia de Jesús ","2":"Carmen Josefina "} a2 a{"1":"Mencía","2":"Ureña"}b{"1":"Pedro","2":"Isabel "} aMagíster en aEducación a1 aMención en aGestión de Centros Educativos aUniversidad Abierta para Adultos (UAPA), Recinto Santiago aNULLbNULL a["1"] aNO APLICA aNULL a01 de Mayo de 2013 a17/09/14 11:09 aNULL aNULL aNO APLICA a["4","20","33","38","191"] aEl estudio se planteó como objetivo general determinar el uso y manejo de las NTIC, en la gestión estratégica y práctica pedagógica del Centro Educativo Nuestra Señora del Carmen.  El método utilizado fue el deductivo. El estudio fue descriptivo y  de campo, porque se pretendió explorar la realidad de la problemática. La población fue de 347: 329 son alumnos, 12 maestros, 1 directora y 1 una subdirectora,  1 coordinadora y 3 secretarias. Tomándose una muestra de 177 estudiantes.  En lo referente a determinar de cuales nuevas tecnologías de la información y la comunicación disponían los administrativos y docentes para la práctica cotidiana, se evidenció que el Centro Educativo Nuestra Señora del  Carmen cuenta con diversas tecnologías puestas al servicio de la gestión y la docencia, pero en cantidad insuficiente. Los recursos tecnológicos se emplean a nivel de gestión para diversas funciones, tales como: Envío de circulares,  comunicación de dependencia e instancia del Ministerio de Educación, capacitación del personal, exposición de archivos digitales entre otras. Los recursos tecnológicos que más utilizan los docentes en sus prácticas son: computadora, proyector, la radio etc.     Los alumnos, docentes y administrativos reconocieron y establecieron la diferencia que marca el uso de la NTIC, frente a los medios tradicionales. a11 a11 a0 aNO APLICA cTesis c315d315